Southville International School and Colleges
Your cart is empty.
  • Cart
  • Lists
    Public lists list_1 View all
    Your lists Log in to create your own lists
  • Log in to your account
  • Your cookies
  • Search history
Southville International School and Colleges
  • Advanced search
  • Recent comments
  • Most popular
  • Libraries

Log in to your account

Log in with GOOGLE


If you do not have an external account, but do have a local account, you can still log in:

  1. Home
  2. MARC view: Tourism education :
Normal view MARC view ISBD view

Tourism education : (Record no. 357337)

[ view plain ]
MARC details
000 -LEADER
fixed length control field 00586nam a2200217Ia 4500
008 - FIXED-LENGTH DATA ELEMENTS--GENERAL INFORMATION
fixed length control field 180523s9999 xx 000 0 und d
020 ## - INTERNATIONAL STANDARD BOOK NUMBER
International Standard Book Number 81-7391-832-5
050 ## - LIBRARY OF CONGRESS CALL NUMBER
Classification number MAIN LC 6681
050 ## - LIBRARY OF CONGRESS CALL NUMBER
Item number .T68 2006
245 #0 - TITLE STATEMENT
Title Tourism education :
245 #3 - TITLE STATEMENT
Remainder of title an emerging essential /
245 #0 - TITLE STATEMENT
Statement of responsibility, etc edited by D.S. Bhardwaj… [et al].
260 ## - PUBLICATION, DISTRIBUTION, ETC. (IMPRINT)
Place of publication, distribution, etc New Delhi :
260 ## - PUBLICATION, DISTRIBUTION, ETC. (IMPRINT)
Name of publisher, distributor, etc Kanishka Publishers,
260 ## - PUBLICATION, DISTRIBUTION, ETC. (IMPRINT)
Date of publication, distribution, etc 2006
300 ## - PHYSICAL DESCRIPTION
Extent 248 pages :
300 ## - PHYSICAL DESCRIPTION
Dimensions 22 cm.
650 ## - SUBJECT ADDED ENTRY--TOPICAL TERM
Topical term or geographic name as entry element India.
650 ## - SUBJECT ADDED ENTRY--TOPICAL TERM
Topical term or geographic name as entry element Tourism -- Study and teaching -- India.
650 ## - SUBJECT ADDED ENTRY--TOPICAL TERM
General subdivision Tourism -- Study and teaching.
Holdings
Withdrawn status Lost status Damaged status Home library Current library Shelving location Date acquired Cost, normal purchase price Total Checkouts Full call number Barcode Date last seen Price effective from Koha item type
      South Mansfield College South Mansfield College   11/10/2010 1.00   MAIN LC 6681 .T68 2006 SMC05240 05/23/2018 05/23/2018  

Tourism education :

APA

Tourism education. New Delhi: .

Chicago

Tourism education. New Delhi: .

Harvard

Tourism education. New Delhi: .

MLA

New Delhi: . .

  • Place hold
  • Print
  • Cite
  • Add to your cart (remove)
  • Save record
    BIBTEX Dublin Core MARCXML MARC (non-Unicode/MARC-8) MARC (Unicode/UTF-8) MARC (Unicode/UTF-8, Standard) MODS (XML) RIS
  • More searches
    Search for this title in:
    Other Libraries (WorldCat) Other Databases (Google Scholar) Online Stores (Bookfinder.com) Open Library (openlibrary.org)

Exporting to Dublin Core...

SOUTHVILLE LIBRARY

Southville International School and Colleges Library

1281 Tropical Ave. Cor. Luxembourg St., BF Homes International, Las Pinas City

Tel. No. 8256374 / 252358 Loc. 117/146

Powered by Koha